000 00455nam a2200133 a 4500
005 20251209115051.0
008 251209s2025##################000#0#eng##
020 _a9781781546093
_qhpk
082 0 4 _a621.3
_bCHE
100 _aChen,Kai
245 1 0 _aEncyclopaedia of the Application of Hyperbolic Functions to Electrical Engineering Problems
_cKai Chen, Yagang ZHANG, Stephen R Niezgoda, Et Al.,
260 _aLondon
_bAuris Reference
_c2016
942 _cREF
999 _c601712
_d601712